000 00894nam a2200229 a 4500
999 _c6143
_d6143
001 6143
003 BD-JhCC
005 20210930134020.0
008 180101s1987 bg |||| ||a| 000 0 ben d
035 _a(BD-JhCC)6143
040 _aBD-JhCC
_dBD-JhCC
041 _aben
082 _a297.261
_bABA 1987
100 _aআবাদী, অধ্যাপক মাওলানা আশরাফ আলী
245 _aকুরআন-হাদিসের আলোকে সৈনিকের কর্তব্য /
_cঅধ্যাপক মাওলানা আশরাফ আলী আবাদী
260 _aঢাকা :
_bইসলামিক ফাউন্ডেশন,
_c১৯৮৭.
300 _a164 p. :
_c21 cm.
650 _aDuty of Soldier
_xAspects Islam
700 _aরহীম,মুহম্মদ আবদুর
942 _2ddc
_cBK
_02